000 01182nam a2200313 a 4500
001 BRCA_2453
005 20190320203822.0
008 181108s1819----sp-a---###---#000-0dspa-u
041 _aspa
044 _asp
084 _a093
_b.R43
_c1819
100 1 _aCervantes Saavedra, Miguel de
_d1547-1616
_9213
245 1 0 _aEl Ingenioso Hidalgo Don Quijote de la Mancha
_ccompuesto por Miguel de Cervantes Saavedra.
260 _aMadrid
_bImprenta Real
_c1819
300 _a5 v.
_bil.
_c19 cm.
_e1 mapa plegable
500 _aContenido : v 4. Texto
500 _aEdición : Cuarta edición corregida por la Real Academia Española
500 _aEdición enteramente igual al LO-092 Lúdovik Osterc
500 _aExistencias : Sólo existe el volúmen 4
500 _aQMB82
650 1 4 _aNovela española
_yÉpoca clásica, 1500-1700
_9215
650 1 4 _aLiteratura española
_yÉpoca clásica, 1500-1700
_9216
650 1 4 _aNovela española
_ySiglo XVII
_9217
650 1 4 _aDon Quijote (Personaje ficticio)
_eNovela
_9218
700 1 _aRíos, Vicente de los
_d1732-1779
_eBiógrafo
_97154
740 0 _aEl Ingenioso Hidalgo Don Quijote de la Mancha
902 _aQFM
942 _2lcc
_cB
999 _c2194
_d2194